| 000 | 00843cam a2200241 a 4500 | ||
|---|---|---|---|
| 001 | 300 | ||
| 003 | BR-CuiBMT | ||
| 005 | 20231114180128.0 | ||
| 008 | 230927s2009 mgb 001 0 por d | ||
| 020 | _a9788577002450 | ||
| 040 |
_aBR-CuiBMT _cBR-CuiBMT |
||
| 080 |
_22007 _a347.9 |
||
| 090 |
_a347.9 _bB574s |
||
| 100 | 1 | _aBezerra, Isabel Cecília de Oliveira | |
| 245 | 1 | 0 |
_aSuspensão de tutelas jurisdicionais contra o poder público : _batualizado pela recente lei n° 12.016, de 7.8.2009 / _cIsabel Cecília de Oliveira Bezerra ; prefácio, José Antonio Dias Toffoli. |
| 260 |
_aBelo Horizonte : _bFórum, _c2009. |
||
| 300 |
_a379 p. ; _c22 cm |
||
| 504 | _aInclui bibliografia e índice. | ||
| 650 | _aDireito processual civil | ||
| 650 | _aDireito público | ||
| 650 |
_aAção popular _xDireito processual civil |
||
| 942 |
_2udc _cLV |
||
| 999 |
_c300 _d300 |
||